000 00648nam a2200241Ia 4500
001 637
005 20240113233422.0
007 ta
008 160829s1993 ii a g b000 u 465 u
020 _a81-900289-0-1
_cRs.1000
040 _aRef.Stack
041 _aeng
082 _a923.2
_bAg 11 Ra
100 _aAggarwala, Adish .
245 0 _aRajiv Gandhi : an assessment /
_cAdish C.Aggarwala.
_hTextual Documents
260 _aNew Delhi :
_bAmish Publication ,
_cc1993.
300 _a300p. :
_bill ;
_c28cm. .
365 _aRs.1000
653 _aBiography - Rajiv Gandhi
942 _2ddc
_cBK
999 _c635
_d635